Visualization : theory and practice in science education
Αποθηκεύτηκε σε:
| Άλλοι συγγραφείς: | , , |
|---|---|
| Μορφή: | Βιβλίο |
| Γλώσσα: | English |
| Δημοσίευση: |
New York, TN :
Springer Berlin Heildelberg,
2008
|
| Σειρά: | Models and modeling in science education ;
; 3 |
| Θέματα: | |
| Ετικέτες: |
Προσθήκη ετικέτας
Δεν υπάρχουν, Καταχωρήστε ετικέτα πρώτοι!
|
MARC
| LEADER | 00000nam a2200000 i 4500 | ||
|---|---|---|---|
| 001 | 1/81808 | ||
| 008 | 080411s2008 eng d | ||
| 020 | |a 978-1-4020-5266-8 | ||
| 035 | |l 10096535 | ||
| 040 | |a GR-MY-UA |b gre |e aacr | ||
| 041 | 0 | |a eng | |
| 082 | 0 | |a 507.1 |2 (22) | |
| 245 | 1 | 0 | |a Visualization : |b theory and practice in science education / |c [edited by] Gilbert, John K., Reiner, Miriam, Nakhleh, Mary |
| 260 | |a New York, TN : |b Springer Berlin Heildelberg, |c 2008 | ||
| 300 | |a 325 σ.; |c 24 εκ. | ||
| 490 | 1 | |a Models and modeling in science education |v ; 3 | |
| 504 | |a Περιλαμβάνει βιβλιογραφίες και ευρετήριο | ||
| 650 | 0 | 0 | |a Education |x Computer graphics. |
| 650 | 0 | 0 | |a Visualization. |
| 650 | 0 | 0 | |a Science |x Computer simulation. |
| 700 | 1 | |a Gilbert, John |q (John K.) |4 edt | |
| 700 | 1 | |a Reiner, Miriam |d 1950- |4 edt | |
| 700 | 1 | |a Nakhleh, Mary. |4 edt | |
| 830 | 0 | |a Models and modeling in science education ; |v ; 3 | |
| 852 | |a INST |b RHODES |e 20080411 |h 507.1 VIS |p 005400029450 |q 005400029450 |t BK |y 0 | ||
| 901 | |a BIBL4-2008-1 | ||
| 909 | |a Ρ |b 151913 | ||
| 922 | |a 4ΕΛΗ |b 200803 |c ΕΠΕΑΕΚ2/ΤΕΠΑΕΣ |d ΕΛΕΥΘΕΡΟΥΔΑΚΗΣ | ||
| 970 | |a ΜΙΣΣΟΣ |b ΣΤΑΥΡΟΣ |z 2008/04/11 | ||